[Event "NOR-chT Eliteserien 2018-19"]
[Site "Norway"]
[Date "2019.03.08"]
[Round "7.15"]
[White "Flermoen, Peter"]
[Black "Gandrud, Vegar Koi"]
[Result "1/2-1/2"]
[WhiteElo "2314"]
[BlackElo "2321"]
[Annotator "RC"]
[PlyCount "87"]
[EventDate "2018.11.02"]
[EventType "team-tourn"]
[EventCountry "NOR"]
[SourceTitle "playchess.com"]
[Source "ChessBase"]
[SourceQuality "1"]
[TimeControl "40/5400+30:1800+30"]

1. e4 {[%emt 0:00:00]} c5 {[%emt 0:00:00]} 2. Nf3 {[%emt 0:00:00]} d6 {[%emt 0:00:00]} 3. d4 {[%emt 0:00:00]} cxd4 {[%emt 0:00:00]} 4. Nxd4 {[%emt 0:00:00]} Nf6 {[%emt 0:00:00]} 5. Nc3 {[%emt 0:00:12]} a6 {[%emt 0:00:00]} 6. Be2 {[%emt 0:02:24]} e5 {[%emt 0:00:03]} 7. Nb3 {[%emt 0:01:37]} Be6 {[%emt 0:01:14]} 8. O-O {[%emt 0:01:26]} Be7 {[%emt 0:00:26]} 9. f4 {[%emt 0:04:55]} Nc6 {[%emt 0:11:14]} 10. Be3 {[%emt 0:01:20]} exf4 {[%emt 0:04:52]} 11. Rxf4 {[%emt 0:05:44]} O-O {[%emt 0:07:31]} 12. Nd5 {[%emt 0:12:58]} Ne5 {[%emt 0:03:17]} 13. c4 {[%emt 0:06:24]} Ng6 {[%emt 0:01:32]} 14. Bb6 {[%emt 0:13:47]} Qd7 {[%emt 0:01:52]} 15. Nxf6+ {[%emt 0:04:10]} Bxf6 {[%emt 0:00:16]} 16. Rxf6 {[%emt 0:02:16]} gxf6 {[%emt 0:00:06]} 17. Bd4 {[%emt 0:06:02]} Ne5 {[%emt 0:08:22]} 18. Qe1 {[%emt 0:05:39]} f5 {[%emt 0:11:12]} 19. c5 {[%emt 0:07:40]} Bxb3 {[%emt 0:05:24]} 20. axb3 {[%emt 0:01:40]} f6 {[%emt 0:00:28]} 21. Rd1 {[%emt 0:03:53]} fxe4 {[%emt 0:02:37]} 22. Bxe5 {[%emt 0:01:22]} fxe5 {[%emt 0:00:31]} 23. Bc4+ {[%emt 0:00:42]} Kh8 {[%emt 0:00:46]} 24. Qxe4 {[%emt 0:00:32]} Rae8 {[%emt 0:13:46]} 25. cxd6 {[%emt 0:06:09]} Rf6 {[%emt 0:04:34]} 26. Qd5 {[%emt 0:02:39]} Ree6 {[%emt 0:06:45]} 27. Qxe6 {[%emt 0:01:10]} Rxe6 {[%emt 0:00:03]} 28. Bxe6 {[%emt 0:00:09]} Qxe6 {[%emt 0:00:20]} 29. d7 {[%emt 0:00:11]} Qb6+ {[%emt 0:00:08]} 30. Kf1 {[%emt 0:01:03]} Qd8 {[%emt 0:00:01]} 31. Ke2 {[%emt 0:00:43]} Kg7 {[%emt 0:00:09]} 32. g4 {[%emt 0:00:46]} Kf6 {[%emt 0:02:06]} 33. h4 {[%emt 0:01:24]} Ke6 {[%emt 0:11:16]} 34. b4 {[%emt 0:01:45]} b5 {[%emt 0:02:20]} 35. Rd2 {[%emt 0:01:13]} Ke7 {[%emt 0:00:17]} 36. Rd1 {[%emt 0:00:19]} Kf7 {[%emt 0:00:48]} 37. Rd6 {[%emt 0:01:01]} Ke7 {[%emt 0:00:12]} 38. Rd1 {[%emt 0:00:09]} Ke6 {[%emt 0:00:06]} 39. Rd2 {[%emt 0:00:12]} Ke7 {[%emt 0:02:58]} 40. Rd1 {[%emt 0:00:21]} h6 {[%emt 0:00:43]} 41. Rd2 {[%emt 0:30:17]} Ke6 {[%emt 0:30:19]} 42. Rd1 {[%emt 0:00:24]} Ke7 {[%emt 0:00:00]} 43. Rd2 {[%emt 0:00:00]} Ke6 {[%emt 0:00:00]} 44. Rd1 {[%emt 0:00:00]} 1/2-1/2

[Event "NOR-chT Eliteserien 2018-19"]
[Site "Norway"]
[Date "2019.03.08"]
[Round "7.16"]
[White "Hagen, Anders Gjerdrum"]
[Black "Klukin, Kirill"]
[Result "1-0"]
[WhiteElo "2205"]
[BlackElo "2326"]
[Annotator "NA RC"]
[PlyCount "125"]
[EventDate "2018.11.02"]
[EventType "team-tourn"]
[EventCountry "NOR"]
[SourceTitle "playchess.com"]
[Source "ChessBase"]
[SourceQuality "1"]
[TimeControl "40/5400+30:1800+30"]

1. d4 {[%emt 0:00:00]} Nf6 {[%emt 0:00:00]} 2. c4 {[%emt 0:00:00]} e6 {[%emt 0:00:00]} 3. Nc3 {[%emt 0:00:09]} Bb4 {[%emt 0:00:00]} 4. e3 {[%emt 0:00:27]} Nc6 {[%emt 0:00:16]} 5. Nf3 {[%emt 0:01:47]} O-O {[%emt 0:00:08]} 6. Bd2 {[%emt 0:04:18] E50: Nimzo-Indian: Rubinstein: 4...0-0 5 Nf3} d6 {[%emt 0:00:58]} 7. a3 {[%emt 0:00:41]} Bxc3 $1 {[%emt 0:00:08]} 8. Bxc3 {[%emt 0:00:08]} Ne4 {[%emt 0:00:17]} (8... Qe7 9. b4 e5 10. Be2 Bg4 11. O-O e4 12. Nd2 Bxe2 13. Qxe2 Rfe8 {0-1 (59) Riazantsev,A (2671)-Bologan,V (2640) Tallinn 2016}) 9. Qc2 {[%emt 0:00:50]} Nxc3 {[%emt 0:01:00]} 10. Qxc3 {[%emt 0:00:11]} a5 {[%emt 0:00:15]} 11. Be2 {[%emt 0:04:22]} Qe7 {[%emt 0:01:36]} 12. Rc1 $146 {[%emt 0:04:35]} ({Predecessor:} 12. O-O a4 {½-½ (77) Kolasa,P (1950)-Tomazini,Z (2405) Pardubice 2017}) 12... a4 {[%emt 0:08:49]} 13. O-O {[%emt 0:08:38]} e5 {[%emt 0:18:17]} 14. d5 {[%emt 0:13:45]} Nb8 {[%emt 0:00:31]} 15. c5 {[%emt 0:00:50]} Nd7 {[%emt 0:11:59]} (15... Bd7 $14) 16. cxd6 {[%emt 0:02:17]} cxd6 {[%emt 0:00:07]} 17. Qc7 {[%emt 0:02:33]} Re8 {[%emt 0:25:16]} 18. Nd2 {[%emt 0:28:39]} Nf6 {[%emt 0:13:47]} 19. Qxe7 {[%emt 0:01:54]} Rxe7 {[%emt 0:00:01] [#]} 20. Nc4 $1 {[%emt 0:00:13]} Nxd5 {[%emt 0:03:23]} 21. Rfd1 {[%emt 0:01:32]} ({Don't take} 21. Nxd6 Be6 $16) 21... Be6 {[%emt 0:05:08]} 22. Rxd5 {[%emt 0:01:56]} Rc8 {[%emt 0:00:41]} 23. Rxd6 {[%emt 0:12:54]} b5 {[%emt 0:00:31]} 24. Rb6 {[%emt 0:01:47]} bxc4 {[%emt 0:00:33]} 25. Rb4 {[%emt 0:00:31]} Ra7 {[%emt 0:03:46]} 26. Rc3 {[%emt 0:03:16]} Kf8 {[%emt 0:02:04]} 27. Kf1 {[%emt 0:01:20]} Ke7 {[%emt 0:01:35]} 28. Ke1 {[%emt 0:01:42]} Kd6 {[%emt 0:00:55]} 29. Kd2 {[%emt 0:01:39]} Rac7 {[%emt 0:01:34]} 30. Rxa4 {[%emt 0:00:20]} Rb8 {[%emt 0:00:15] [#]} 31. Rb4 $1 {[%emt 0:01:32]} ({Worse is} 31. Bxc4 Rxb2+ 32. Ke1 Ke7 $15) 31... Rcb7 {[%emt 0:01:03]} 32. Rxb7 {[%emt 0:00:31]} Rxb7 {[%emt 0:00:01]} 33. Bxc4 {[%emt 0:00:25]} Rxb2+ {[%emt 0:00:11]} 34. Ke1 {[%emt 0:00:09]} Bxc4 {[%emt 0:01:20]} 35. Rxc4 {[%emt 0:00:05]} f5 {[%emt 0:00:32]} 36. Ra4 {[%emt 0:00:35]} (36. h4 $16) 36... e4 {[%emt 0:00:29]} (36... Rb1+ $11 37. Ke2 Rb2+ 38. Kf3 e4+ 39. Kg3 g5) 37. Ra7 {[%emt 0:00:18]} ({Better is} 37. Ra6+ $16 Ke5 38. g3) 37... g5 {[%emt 0:00:26]} (37... Rb1+ $1 $11 38. Kd2 Rb2+ 39. Kc3 Rxf2) 38. Rxh7 {[%emt 0:01:16]} (38. g3 $16) 38... Rb1+ {[%emt 0:00:04]} 39. Kd2 {[%emt 0:00:22]} Rb2+ {[%emt 0:00:05]} 40. Kc3 {[%emt 0:00:46]} Rxf2 {[%emt 0:00:06]} 41. g4 {[%emt 0:30:40]} f4 {[%emt 0:31:50]} 42. Kd4 {[%emt 0:00:27]} Re2 $2 {[%emt 0:00:30] [#]} (42... Rf3 $11 {and Black has nothing to worry.} 43. Rh6+ Kd7 44. exf4 (44. Kxe4 Rxe3+ 45. Kd5 Rxa3 $11) 44... Rxf4) 43. Rh6+ {[%emt 0:00:00]} (43. exf4 $1 $18 {is the precise move to win.} gxf4 44. Rf7) 43... Ke7 {[%emt 0:00:00]} 44. Rh3 $16 {[%emt 0:00:00]} ({Much weaker is} 44. Kxe4 $6 Rxe3+ 45. Kd4 (45. Kf5 $2 f3 $19) 45... Rxa3 $11) 44... fxe3 {[%emt 0:00:00]} 45. Kxe4 {[%emt 0:00:00]} Kf6 {[%emt 0:00:00]} 46. Rf3+ {[%emt 0:00:00]} Kg6 {[%emt 0:00:00]} 47. h3 {[%emt 0:00:00]} Rd2 {[%emt 0:00:00]} 48. Rxe3 {[%emt 0:00:00]} Kf6 {[%emt 0:00:00]} 49. Rd3 {[%emt 0:00:00]} Re2+ {[%emt 0:00:00]} 50. Kd5 {[%emt 0:00:00]} Rc2 {[%emt 0:00:00]} 51. Rf3+ {[%emt 0:00:00]} Kg6 {[%emt 0:00:00]} 52. Kd4 {[%emt 0:00:00]} Rc1 {[%emt 0:00:00]} 53. Rc3 {[%emt 0:00:00]} Rb1 {[%emt 0:00:00]} 54. Kc4 {[%emt 0:00:00]} Rb8 {[%emt 0:00:00]} 55. a4 {[%emt 0:00:00]} Rc8+ {[%emt 0:00:00]} 56. Kb4 {[%emt 0:00:00]} Rb8+ {[%emt 0:00:00]} 57. Ka3 {[%emt 0:00:00]} Ra8 {[%emt 0:00:00]} 58. Rc6+ {[%emt 0:00:00]} Kg7 {[%emt 0:00:00]} 59. Rc5 {[%emt 0:00:00]} Kf6 {[%emt 0:00:00]} 60. Rf5+ {[%emt 0:00:00]} Kg6 {[%emt 0:00:00]} 61. a5 {[%emt 0:00:00]} Rh8 {[%emt 0:00:00]} 62. Rf3 {[%emt 0:00:00]} Ra8 {[%emt 0:00:00]} 63. Ka4 {[%emt 0:00:00]} 1-0

[Event "NOR-chT Eliteserien 2018-19"]
[Site "Norway"]
[Date "2019.03.08"]
[Round "7.17"]
[White "Nielsen, Andre"]
[Black "Vitenberg, Noam Aviv"]
[Result "1-0"]
[WhiteElo "2211"]
[BlackElo "2139"]
[Annotator "RC"]
[PlyCount "97"]
[EventDate "2018.11.02"]
[EventType "team-tourn"]
[EventCountry "NOR"]
[SourceTitle "playchess.com"]
[Source "ChessBase"]
[SourceQuality "1"]
[TimeControl "40/5400+30:1800+30"]

1. e4 {[%emt 0:00:00]} c6 {[%emt 0:00:00]} 2. d4 {[%emt 0:00:00]} d5 {[%emt 0:00:00]} 3. Nc3 {[%emt 0:00:06]} dxe4 {[%emt 0:00:00]} 4. Nxe4 {[%emt 0:00:10]} Bf5 {[%emt 0:00:00]} 5. Ng3 {[%emt 0:00:27]} Bg6 {[%emt 0:00:08]} 6. h4 {[%emt 0:00:43]} h6 {[%emt 0:00:06]} 7. Nf3 {[%emt 0:00:19]} Nd7 {[%emt 0:00:07]} 8. h5 {[%emt 0:00:49]} Bh7 {[%emt 0:00:05]} 9. Bd3 {[%emt 0:00:10]} Bxd3 {[%emt 0:00:07]} 10. Qxd3 {[%emt 0:00:12]} e6 {[%emt 0:00:19]} 11. Bd2 {[%emt 0:00:37]} Ngf6 {[%emt 0:00:08]} 12. O-O-O {[%emt 0:00:21]} Be7 {[%emt 0:00:11]} 13. Ne4 {[%emt 0:00:14]} Nxe4 {[%emt 0:00:11]} 14. Qxe4 {[%emt 0:00:10]} Nf6 {[%emt 0:00:07]} 15. Qe2 {[%emt 0:00:17]} Qd5 {[%emt 0:00:07]} 16. Kb1 {[%emt 0:00:35]} Qb5 {[%emt 0:00:15]} 17. c4 {[%emt 0:10:33]} Qf5+ {[%emt 0:00:10]} 18. Ka1 {[%emt 0:00:27]} O-O-O {[%emt 0:07:05]} 19. Bc3 {[%emt 0:15:54]} Ne4 {[%emt 0:11:09]} 20. Ne5 {[%emt 0:03:51]} Nxc3 {[%emt 0:12:20]} 21. bxc3 {[%emt 0:00:25]} Bd6 {[%emt 0:08:09]} 22. g4 {[%emt 0:04:17]} Qf4 {[%emt 0:08:06]} 23. Nd3 {[%emt 0:01:26]} Qg5 {[%emt 0:01:18]} 24. c5 {[%emt 0:09:16]} Bc7 {[%emt 0:03:36]} 25. f4 {[%emt 0:06:19]} Qe7 {[%emt 0:06:42]} 26. Rb1 {[%emt 0:06:16]} f6 {[%emt 0:05:47]} 27. Qb2 {[%emt 0:05:25]} Bb8 {[%emt 0:12:41]} 28. Rhe1 {[%emt 0:01:37]} Rd7 {[%emt 0:00:32]} 29. Re4 {[%emt 0:04:51]} Qf7 {[%emt 0:02:36]} 30. Qb3 {[%emt 0:03:28]} Re8 {[%emt 0:02:13]} 31. Rbe1 {[%emt 0:07:16]} f5 {[%emt 0:04:40]} 32. Rxe6 {[%emt 0:04:21]} Rxe6 {[%emt 0:05:20]} 33. Qxe6 {[%emt 0:00:32]} fxg4 {[%emt 0:01:35]} 34. Qxg4 {[%emt 0:00:56]} Qc4 {[%emt 0:01:08]} 35. Kb2 {[%emt 0:10:12]} Qxd3 {[%emt 0:02:49]} 36. Re7 {[%emt 0:00:50]} Qd2+ {[%emt 0:05:15]} 37. Kb3 {[%emt 0:00:45]} Qd1+ {[%emt 0:00:35]} 38. Qxd1 {[%emt 0:00:08]} Rxe7 {[%emt 0:00:02]} 39. Qg4+ {[%emt 0:01:54]} Kd8 {[%emt 0:01:06]} 40. f5 {[%emt 0:01:09]} Bh2 {[%emt 0:01:39]} 41. Qh4 {[%emt 0:31:21]} Bg1 {[%emt 0:31:06]} 42. f6 {[%emt 0:01:00]} gxf6 {[%emt 0:00:45]} 43. Qg3 {[%emt 0:01:05]} Be3 {[%emt 0:00:36]} 44. Qb8+ {[%emt 0:00:14]} Kd7 {[%emt 0:00:04]} 45. Qxb7+ {[%emt 0:00:10]} Ke8 {[%emt 0:00:06]} 46. Qxc6+ {[%emt 0:00:20]} Kf7 {[%emt 0:00:05]} 47. Qd5+ {[%emt 0:00:22]} Kg7 {[%emt 0:00:56]} 48. c6 {[%emt 0:00:29]} Bf4 {[%emt 0:00:18]} 49. Qf5 {[%emt 0:00:16]} 1-0

[Event "NOR-chT Eliteserien 2018-19"]
[Site "Norway"]
[Date "2019.03.08"]
[Round "7.18"]
[White "Lindbol, Aleksander"]
[Black "Mikalsen, Harald"]
[Result "0-1"]
[WhiteElo "2204"]
[BlackElo "2006"]
[Annotator "NA RC"]
[PlyCount "78"]
[EventDate "2018.11.02"]
[EventType "team-tourn"]
[EventCountry "NOR"]
[SourceTitle "playchess.com"]
[Source "ChessBase"]
[SourceQuality "1"]
[TimeControl "40/5400+30:1800+30"]

{[%evp 8,62,3,0,32767,20,37,-22,16,30,40,-5,21,-23,17,32767,-9,-12,4,7,32767,32767,32767,11,0,0,32767,-17,32767,32767,18,5,0,0,15,0,32767,32767,32767,32767,-193,32767,-189,-226,-165,-170,-143,32767,32767,-169,-117,32767,-367,32767,-284,-418,-423]} 1. e4 {[%emt 0:00:00]} e5 {[%emt 0:00:00]} 2. Nc3 {[%emt 0:00:00]} Nf6 {[%emt 0:08:34]} 3. g3 {[%emt 0:00:17]} d5 {[%emt 0:01:13]} 4. exd5 {[%emt 0:01:23]} Nxd5 {[%emt 0:05:31]} 5. Bg2 {[%emt 0:00:07]} Be6 {[%emt 0:01:44]} 6. Nf3 $1 {[%emt 0:03:46]} Nc6 {[%emt 0:08:23]} 7. Qe2 {[%emt 0:09:55] C47: Scotch Four Knights and Four Knights with 4 g3} (7. O-O $14 Bd6 8. d3 Nxc3 9. bxc3 O-O 10. Ng5 Bf5 11. Rb1 Rb8 12. Ne4 Qd7 13. Nxd6 Qxd6 14. Re1 Rfe8 {½-½ (49) Karjakin,S (2756)-Leko,P (2730) Beijing 2013}) 7... Nxc3 {[%emt 0:16:40]} 8. bxc3 {[%emt 0:05:40]} Bd6 {[%emt 0:00:50]} 9. O-O {[%emt 0:03:29]} O-O {[%emt 0:00:41]} 10. d3 {[%emt 0:06:47]} Bd5 $146 {[%emt 0:06:35]} ({Predecessor:} 10... Bg4 11. Qe4 Qd7 12. Re1 Bf5 13. Qh4 Rae8 {0-1 (56) Molchanova,T (2285)-Rakitskaja,M (2165) St Petersburg 2004}) 11. Bb2 {[%emt 0:07:58]} Re8 {[%emt 0:03:14]} 12. c4 {[%emt 0:03:59]} Nd4 {[%emt 0:01:27]} 13. Nxd4 {[%emt 0:10:21]} Bxg2 {[%emt 0:04:43]} 14. Kxg2 {[%emt 0:02:06]} exd4 {[%emt 0:00:10]} 15. Qf3 {[%emt 0:07:06]} c5 {[%emt 0:03:08]} 16. Rae1 {[%emt 0:00:36]} Qb6 {[%emt 0:05:38]} 17. Rb1 {[%emt 0:06:17]} Qc7 {[%emt 0:02:36]} 18. c3 {[%emt 0:02:40]} dxc3 $1 {[%emt 0:03:26]} 19. Bxc3 {[%emt 0:00:06]} b6 {[%emt 0:01:00]} 20. Rfe1 {[%emt 0:08:19]} Rad8 {[%emt 0:00:35]} 21. Re3 {[%emt 0:01:06]} Rxe3 {[%emt 0:03:53]} 22. Qxe3 {[%emt 0:00:04]} Qc6+ {[%emt 0:00:41]} 23. Qf3 {[%emt 0:00:25]} Qxf3+ {[%emt 0:01:16]} 24. Kxf3 {[%emt 0:00:05] [#]} Bxg3 $1 {[%emt 0:02:32]} 25. Ke3 {[%emt 0:05:34]} (25. Bxg7 $17 Bxh2 26. Bb2) 25... Bxh2 {[%emt 0:00:56]} 26. f4 {[%emt 0:00:41]} f6 {[%emt 0:09:15]} 27. Rh1 {[%emt 0:02:28]} Bg3 {[%emt 0:00:06]} 28. Rg1 {[%emt 0:00:16]} Bh4 {[%emt 0:01:50]} 29. Rg4 {[%emt 0:00:16]} Re8+ {[%emt 0:01:17]} 30. Kf3 {[%emt 0:00:08] [#]} g5 $1 {[%emt 0:02:55]} 31. Rg1 {[%emt 0:04:20]} Kf7 $19 {[%emt 0:00:27]} 32. Kg4 {[%emt 0:00:29]} Re3 {[%emt 0:01:56]} 33. Rf1 {[%emt 0:02:51]} Kg6 {[%emt 0:00:58]} 34. f5+ {[%emt 0:01:51]} Kf7 {[%emt 0:00:07]} 35. Rd1 {[%emt 0:00:13]} Rg3+ {[%emt 0:00:39]} 36. Kh5 {[%emt 0:00:07]} Rf3 {[%emt 0:00:17]} 37. a4 {[%emt 0:00:43]} Rxf5 {[%emt 0:00:55]} 38. a5 {[%emt 0:00:04]} Rf4 {[%emt 0:00:24]} 39. axb6 {[%emt 0:00:34]} Bg3 {[%emt 0:00:52]} 0-1

[Event "NOR-chT Eliteserien 2018-19"]
[Site "Norway"]
[Date "2019.03.08"]
[Round "7.19"]
[White "Stojanovic, Mihajlo"]
[Black "Predojevic, Borki"]
[Result "1/2-1/2"]
[WhiteElo "2508"]
[BlackElo "2623"]
[Annotator "TA"]
[PlyCount "27"]
[EventDate "2018.11.02"]
[EventType "team-tourn"]
[EventCountry "NOR"]
[SourceTitle "playchess.com"]
[Source "ChessBase"]
[SourceQuality "1"]

{[%evp 10,21,11,10,20,20,18,25,25,27,22,33,34,28]} 1. Nf3 d5 2. d4 Nf6 3. c4 e6 4. Nc3 Bb4 5. Qb3 c5 6. dxc5 Nc6 {[#] aiming for ...d4. D38: Queen's Gambit Declined: Ragozin Defence (4 Nf3 Bb4)} 7. Bg5 Qa5 {...d4 is the strong threat.} 8. Bxf6 dxc4 9. Qxc4 gxf6 10. Rc1 Qxc5 11. Qh4 {Predecessor:} Ke7 $146 12. g3 Bxc3+ 13. bxc3 Qa3 14. Rc2 {1-0 (37) Kazhgaleyev,M (2587)-Harikrishna,P (2725) St Petersburg 2018} 1/2-1/2

[Event "NOR-chT Eliteserien 2018-19"]
[Site "Norway"]
[Date "2019.03.08"]
[Round "7.20"]
[White "Romanov, Evgeny"]
[Black "Risting, Eivind Olav"]
[Result "1/2-1/2"]
[WhiteElo "2612"]
[BlackElo "2281"]
[Annotator "TA"]
[PlyCount "85"]
[EventDate "2018.11.02"]
[EventType "team-tourn"]
[EventCountry "NOR"]
[SourceTitle "playchess.com"]
[Source "ChessBase"]
[SourceQuality "1"]

{[%evp 20,85,0,0,0,0,16,0,24,-27,0,-17,-20,-39,-38,-42,0,0,0,0,0,0,0,0,0,-1,4,4,4,4,4,4,7,7,9,5,15,0,0,0,15,18,21,18,21,7,7,12,20,17,8,8,22,8,22,0,0,0,0,0,0,0,0,0,0,0,0,0]} 1. Nf3 Nf6 2. c4 e6 3. Nc3 d5 4. e3 c5 5. cxd5 exd5 6. d4 Nc6 7. Bb5 cxd4 8. Nxd4 Bd7 9. O-O Bd6 {D32: Tarrasch Defence: Sidelines and lines without g3} 10. b3 O-O 11. Bb2 {LiveBook: 15 Games} Rc8 (11... Re8 12. Nf3 Bg4 13. Bxc6 bxc6 14. Rc1 Be5 15. Na4 Bxb2 16. Nxb2 Rc8 17. h3 Bxf3 18. Qxf3 {½-½ (60) So,W (2778)-Anand,V (2759) Leuven 2018}) 12. Be2 a6 $146 ({Predecessor:} 12... Be6 13. Rc1 Bb8 14. Nxc6 bxc6 15. Qd4 Nd7 16. Na4 Be5 17. Qd2 Bxb2 18. Qxb2 Qe7 19. Rfd1 Rfd8 20. Rd2 Nb6 {½-½ (79) Bondarenko,V (2325)-Zamanov,A (2426) Korolev 1999}) 13. Nxc6 Bxc6 14. Qd2 (14. Bf3 $142) 14... Qe7 15. Rfd1 Rfd8 16. Qd4 Be5 17. Qh4 Rc7 18. Na4 {The position is equal.} Bxa4 19. Bxe5 Qxe5 20. Qxa4 Qb2 21. Bf3 Rdc8 22. Qd4 Qxd4 23. Rxd4 Rc1+ 24. Rxc1 Rxc1+ 25. Rd1 Rxd1+ 26. Bxd1 $11 {[%mdl 4096] Endgame KB-KN} Kf8 27. b4 Ke7 28. Bb3 Kd6 29. Kf1 Nd7 30. Ke2 Ne5 31. Kd2 h6 32. h3 Nc6 33. Kc3 Ke5 34. a3 g5 35. Kd3 f6 36. g3 Kd6 37. f4 Ne7 38. e4 gxf4 39. gxf4 dxe4+ 40. Kxe4 f5+ 41. Kd4 Nc6+ 42. Ke3 Ne7 43. Kd4 {Precision: White = 44%, Black = 57%.} 1/2-1/2

[Event "NOR-chT Eliteserien 2018-19"]
[Site "Norway"]
[Date "2019.03.08"]
[Round "7.21"]
[White "Lundeby, Oyvind Andersen"]
[Black "Christiansen, Johan-Sebastian"]
[Result "0-1"]
[WhiteElo "2152"]
[BlackElo "2539"]
[Annotator "TA"]
[PlyCount "98"]
[EventDate "2018.11.02"]
[EventType "team-tourn"]
[EventCountry "NOR"]
[SourceTitle "playchess.com"]
[Source "ChessBase"]
[SourceQuality "1"]

{[%evp 13,98,2,19,0,21,-3,4,-8,0,-33,-31,-33,-28,-16,-14,-44,-32,-34,-52,-49,-52,-81,-71,-76,-76,-80,-75,-93,-90,-108,-105,-111,-98,-106,-119,-137,-124,-116,-67,-58,-29,-41,0,0,70,-106,70,0,17,-46,0,32,26,-275,-275,-274,-273,-266,-265,-267,-268,-271,-271,-270,-267,-257,-257,-255,-250,-250,-249,-237,-230,-358,-343,-351,-325,-647,-657,-758,-758,-1182,-1168,-1146,-1165,-1035,-1033]} 1. Nf3 c5 2. g3 g6 3. Bg2 Bg7 4. O-O Nc6 5. c4 d6 6. Nc3 Bf5 7. Nh4 {A37: Symmetrical English vs ...g6: 4 Bg2 Bg7 5 Nf3} (7. h3 Qd7 8. Kh2 e5 9. d3 h6 10. a3 Nge7 11. Rb1 a5 12. Nd2 O-O 13. Nde4 Kh7 14. Bd2 Be6 {0-1 (87) Harikrishna,P (2725)-Ragger,M (2687) St Petersburg 2018}) 7... Bd7 {LiveBook: 5 Games} 8. d3 Qc8 $146 ({Predecessor:} 8... Nf6 9. Rb1 Rb8 10. a3 a5 11. Bd2 O-O 12. f4 Ne8 13. Kh1 {½-½ (13) Skembris,S (2422)-Goumas,G (2361) Anogia 2015}) 9. Re1 {The position is equal.} Rb8 10. Bd2 a6 11. Rc1 b5 {[%cal Bb7b5,Bb5b4][%mdl 32]} 12. b3 b4 13. Nd5 e6 {[%cal Be7e6,Be6e5][%mdl 32]} 14. Ne3 (14. Bf4 {feels hotter.} Ne5 15. e3 exd5 16. cxd5 Bb5 17. d4) 14... Nge7 15. Nc2 O-O 16. Be3 e5 17. Bg5 f6 $36 {[%mdl 2048] Black is on the roll.} 18. Bd2 g5 19. Nf3 Ng6 20. Kh1 g4 21. Ng1 f5 $1 22. Ne3 h5 {[%cal Bh7h5,Bh5h4,Bh4h3][%mdl 32]} 23. Nd5 h4 24. e3 h3 25. Bf1 Nce7 26. f3 $1 Nxd5 27. cxd5 f4 {And now ...e4! would win.} (27... e4 $5 28. fxe4 fxe4 $15) 28. e4 Rf6 (28... gxf3 $11 29. Nxf3 Rf6) 29. Be2 $2 (29. fxg4 $14 {stays ahead.} Bxg4 30. Be2) 29... gxf3 $2 (29... fxg3 $17 {( -> ...g2#)} 30. hxg3 gxf3 31. Bxf3 h2 32. Kxh2 Qf8) 30. Bxf3 (30. Nxf3 $14 fxg3 31. hxg3) 30... Bh6 $1 $11 31. Rf1 ({White should try} 31. Bh5 $11) 31... fxg3 (31... Qf8 $15) 32. hxg3 $14 Qf8 33. Qe2 $2 {[%mdl 8192] [#]} (33. Be2 $11 {and White stays safe.} Rxf1 34. Bxf1) 33... h2 $1 $19 {[%cal Rh2g1][%mdl 512]} 34. Kxh2 (34. Qxh2 Ne7) 34... Bxd2 35. Qxd2 {[#]} Nf4 $1 {[%mdl 512]} 36. gxf4 Rh6+ 37. Kg2 {Rf2 is the strong threat.} Qg7+ 38. Kf2 Rh2+ 39. Ke1 Qg3+ ({Resist} 39... Rxd2 40. Kxd2 exf4 41. Ne2 $17) 40. Kd1 {Hoping for Ne2.} Rxd2+ 41. Kxd2 {aiming for Ne2.} Qxf4+ 42. Kc2 {[#] intending Ne2.} Rf8 $1 43. Ne2 {[#]} (43. Rce1 $142) 43... Qe3 $1 44. Rg1+ Kf7 45. Rcf1 $2 (45. Rg3 Ke7 46. Bh5) 45... Ke7 {Black is clearly winning.} 46. Rg7+ Kd8 47. Ng1 Bb5 48. Be2 Rxf1 49. Bxf1 Qe1 {Precision: White = 35%, Black = 55%.} 0-1

[Event "NOR-chT Eliteserien 2018-19"]
[Site "Norway"]
[Date "2019.03.08"]
[Round "7.22"]
[White "Lie, Kjetil A."]
[Black "Soderstrom, Adrian"]
[Result "1-0"]
[WhiteElo "2539"]
[BlackElo "2118"]
[Annotator "TA RC"]
[PlyCount "61"]
[EventDate "2018.11.02"]
[EventType "team-tourn"]
[EventCountry "NOR"]
[SourceTitle "playchess.com"]
[Source "ChessBase"]
[SourceQuality "1"]

{[%evp 10,61,27,30,31,12,20,15,38,8,100,101,256,167,300,268,304,295,314,315,318,306,332,331,358,352,366,360,459,458,513,542,583,414,409,420,409,410,408,412,391,381,341,354,372,355,383,377,441,403,450,440,654,614]} 1. b3 g6 2. Bb2 Nf6 3. g3 Bg7 4. Bg2 O-O 5. Nf3 d6 6. d4 b6 {A49: 1 d4 Nf6 2 Nf3 g6 3 g3: Anti-King's Indian systems} (6... c5 7. c4 d5 8. dxc5 dxc4 9. O-O Na6 10. Nbd2 Nxc5 11. Nxc4 Be6 12. Rc1 Bh6 13. Ra1 Rc8 14. Nfe5 Qc7 15. e3 Rfd8 16. Qe2 Bd5 17. Rfd1 Bxg2 18. Kxg2 {½-½ (25) Howell,D (2696)-Jones,G (2682) London 2018}) 7. c4 Bb7 8. Nc3 c5 {The position is equal.} 9. d5 $146 ({Predecessor:} 9. O-O cxd4 10. Nxd4 Bxg2 11. Kxg2 e5 12. Ndb5 Ne8 13. Ne4 f5 14. Qd5+ Kh8 15. Qxa8 Nc7 16. Nxc7 Qxc7 17. Ng5 Re8 18. Qd5 Rf8 19. Rad1 Qc6 20. Qxc6 Nxc6 21. Ne6 Re8 22. Nxg7 Kxg7 23. Rxd6 Nb4 24. f4 {1-0 (24) Wulf,C (1610)-Rothe,N (1250) Malchow 2014}) 9... b5 (9... e6 $11) 10. Nxb5 $16 Bxd5 $2 (10... a6 $16) 11. Bxf6 Bxf6 (11... Bxf3 {is a better defense.} 12. Bxf3 Bxf6) 12. Qxd5 $18 Bxa1 13. O-O Nd7 14. Rxa1 a6 15. Nc3 Nb6 16. Qd2 Kg7 17. Rd1 Ra7 18. h4 h5 19. Ng5 Qd7 20. Bh3 Qc6 21. Be6 Qe8 22. Nce4 ({Don't do} 22. Nd5 Rb7 $18) 22... fxe6 23. Nxe6+ {[%mdl 64] [#] Double Attack} Kh7 24. Qc3 {[%csl Ge6][%cal Rc3g7]} ({Don't play} 24. Nxf8+ Qxf8 25. b4 Rd7 $18) 24... Rf7 25. N4g5+ Kg8 26. Nxf7 Qxf7 {[#]} 27. Nxc5 $1 {[%mdl 512]} Qf5 (27... dxc5 28. Rd8+) 28. Nd3 Ra8 29. Nf4 Rf8 30. Qe3 e5 (30... Nc8 $142 31. c5 e5) 31. Nxg6 {Accuracy: White = 72%, Black = 23%.} 1-0